000 00716cam a22002054a 4500
005 20250605164230.0
008 250528s ||||||||||||||||||||||||d
035 _a20943
020 _a9789601417035
040 _aGR-AtMCL
_bgre
_dGR-AtMCL
_eAACR2
245 1 _aΤο Μυστικό Κλειδί του Τζόρτζ για το Σύμπαν
260 _bΑ. Α. Λιβάνη,
_c2008
300 _a322
520 _aΜια Περιπέτεια στο Διάστημα πέρα από τα όρια του Πλανήτη μας της Λούσι και του Στίβεν Χόκινγκ.
700 1 _aHawking Lucy
_96931
700 1 _aHawking Stephen
_96932
942 _cBK
999 _c6020
_d6020